Current Economic and Trade Challenges between the Region of Central and Eastern Europe and China

Význam priamych zahraničných investícií Číny v SVE. Obchodná bilancia krajín V4 s Čínou. Obchodná spolupráca Slovensko - Čína a príklady spolupráce.

Salvato in:
Dettagli Bibliografici
Autore principale: Sopková, Gabriela
Altri autori: Hlušková, Tatiana, 1987-
Natura: Capitolo di libro
Lingua:inglese
Soggetti:
Tags: Aggiungi Tag
Nessun Tag, puoi essere il primo ad aggiungerne!!

MARC

LEADER 00000naa$a2200000$$$4500
001 0196137
005 20240502073316.1
041 0 |a eng 
044 |a SK 
245 1 0 |a Current Economic and Trade Challenges between the Region of Central and Eastern Europe and China  |c Gabriela Sopková, Tatiana Hlušková 
520 |a Význam priamych zahraničných investícií Číny v SVE. Obchodná bilancia krajín V4 s Čínou. Obchodná spolupráca Slovensko - Čína a príklady spolupráce. 
610 2 0 |a stredná Európa 
610 2 0 |a východná Európa 
610 2 0 |a obchod medzinárodný 
610 2 0 |a investície priame zahraničné 
610 2 0 |a bilancia obchodná 
610 2 0 |a Vyšehradská štvorka 
610 2 0 |a kooperácia hospodárska medzinárodná 
100 1 |a Sopková, Gabriela 
700 1 |a Hlušková, Tatiana, 1987-